Statistics for Arizona Cardinals: Most Passing TDs Each Year

Click here to take the quiz!

General Stats

  • This quiz has been taken 365 times
    (148 since last reset)
  • The average score is 30 of 91

Answer Stats

YearPlayerTDs% Correct
2022Kyler Murray14
99%
2021Kyler Murray24
99%
2020Kyler Murray26
99%
2019Kyler Murray20
99%
2017Carson Palmer9
94%
2016Carson Palmer26
94%
2015Carson Palmer35
94%
2014Carson Palmer11
94%
2013Carson Palmer24
94%
2008Kurt Warner30
88%
2005Kurt Warner11
88%
2007Kurt Warner27
88%
2009Kurt Warner26
88%
2018Josh Rosen11
64%
1972Gary Cuozzo / Jim Hart5
49%
1967Jim Hart19
49%
1981Jim Hart11
49%
1980Jim Hart16
49%
1979Jim Hart9
49%
1978Jim Hart16
49%
1976Jim Hart18
49%
1975Jim Hart19
49%
1974Jim Hart20
49%
1973Jim Hart15
49%
1971Jim Hart8
49%
1970Jim Hart14
49%
1968Jim Hart15
49%
1977Jim Hart13
49%
2001Jake Plummer18
48%
2000Jake Plummer13
48%
1997Jake Plummer15
48%
1998Jake Plummer17
48%
1999Jake Plummer9
48%
2002Jake Plummer18
48%
2006Matt Leinart11
35%
1985Neil Lomax18
35%
1986Neil Lomax13
35%
1987Neil Lomax24
35%
1988Neil Lomax20
35%
1984Neil Lomax28
35%
1982Neil Lomax5
35%
1983Neil Lomax24
35%
2004Josh McCown11
29%
2010Derek Anderson7
28%
1969Charley Johnson13
26%
1966Charley Johnson10
26%
1965Charley Johnson18
26%
1964Charley Johnson21
26%
1963Charley Johnson28
26%
1962Charley Johnson16
26%
2011John Skelton11
24%
2012Kevin Kolb8
24%
1995Dave Krieg16
19%
1992Chris Chandler15
15%
2003Jeff Blake13
14%
1996Kent Graham12
11%
1951Charley Trippi8
9%
1952Charley Trippi / Don Panciera5
9%
1990Timm Rosenbach16
8%
1993Steve Beuerlein18
7%
1994Steve Beuerlein5
7%
1989Gary Hogeboom14
6%
1950Jim Hardy17
6%
1955Lamar McHan11
6%
1958Lamar McHan12
6%
1957Lamar McHan11
6%
1956Lamar McHan10
6%
1954Lamar McHan6
6%
1991Tom Tupa6
6%
1959King Hill7
5%
1949Paul Christman11
4%
1946Paul Christman13
4%
1945Paul Christman5
4%
1947Paul Christman17
4%
1948Ray Mallouf13
4%
1938Jack Robbins2
3%
1939Jack Robbins4
3%
1960John Roach17
3%
1943Ronnie Cahill3
3%
1961Sam Etcheverry14
3%
1942Bud Schwenk6
2%
1935Doug Russell / Ike Peterson1
2%
1940Hugh McCullough4
2%
1953Jim Root8
2%
1933Joe Lillard2
2%
1944John Grigas6
2%
1941Johnny Clement3
2%
1937Pat Coffee4
2%
1934Phil Sarboe1
2%
1936Pug Vaughan2
2%
1932Walt Holmer2
2%

Score Distribution

Percentile by Number Answered

Percent of People with Each Score

Your Score History

You have not taken this quiz since the last reset